| 000 | 02028nam0a2200373 4500 | ||
|---|---|---|---|
| 001 | RU\NLR\bibl\931184 | ||
| 005 | 20250614192646.0 | ||
| 010 |
_a5-88924-204-0 _920000 |
||
| 021 |
_aRU _b2006-6961 _9331 |
||
| 021 |
_aRU _b2006-36173 _91812 |
||
| 035 | _a(nilc)RSL-KNO-002839708 | ||
| 035 | _a(NLR Aleph) 000919402 | ||
| 090 |
_a90145 _c90145 |
||
| 100 | _a20060315d2006 |||y0rusy50 ca | ||
| 101 | 0 | _arus | |
| 102 | _aRU | ||
| 105 | _aa ||||||||| | ||
| 106 | _ar | ||
| 200 | 1 |
_aВАЗ-2107, ВАЗ-21072, ВАЗ-21073-40i, ВАЗ-21074 _eБензиновые двигатели: 1.3, 1.5, 1.6, 1.7 л _eрук. по эксплуатации, техн. обслуживанию и ремонту _e[полн. техн. характеристики, особенности эксплуатации, устранение неисправностей, более 300 ил., электросхемы _fС. Н. Косарев] |
|
| 210 |
_aМосква _cТретий Рим _d2006 _eТверь _gТверской полиграфкомбинат детской литературы |
||
| 215 |
_a165, [1] с. _cил. _d29 |
||
| 225 | 1 |
_aМой автомобиль _eтехобслуживание, эксплуатация, ремонт |
|
| 512 | 1 | _aВАЗ 2107-07i | |
| 606 | 1 |
_a"Жигули", легковые автомобили _jРуководства, пособия и т.п. _xЭксплуатация _92087274 _3RU\NLR\auth\661263436 |
|
| 610 | 0 | _aТранспорт -- Автодорожный транспорт -- Автомобили -- Легковые автомобили -- Техническая эксплуатация и ремонт -- Инструктивные издания | |
| 686 |
_aО335.52-08я82 _2rubbk |
||
| 686 | _aО335.52-08я7"Жигули" | ||
| 702 | 1 |
_aКосарев _bС. Н. _gСергей Николаевич _4220 |
|
| 801 | 0 |
_aRU _bРКП _c20060315 _grcr |
|
| 801 | 1 |
_aRU _bРГБ _c20060315 |
|
| 801 | 2 |
_aRU _bNLR _c20060413 _grcr |
|
| 942 | _cBOOK | ||
| 980 | _aNB | ||